00521nam a2200193 a 4500001001300000003000900013005001700022008004100039020001000080082001500090100002100105245004200126260003800168300000900206500003500215505003300250650002300283700002100306nice12345678IN_TiNIC20260116012759.0050524s1968 newa grp 000 0 eng  ac10000a200.1bYIN aYinger J, Milton aReligion, Society and the Individual. aNew YorkbMacmillan Companyc1968 a655p aincludes index and biblioraphy2 aBibliography, Subject Index. aReligion-Sociology1 aYinger J, Milton